Szczegóły MARC21

Energia w czasach kryzysu /

003 -Nazwa inst., której nr kontr. jest w polu 001 [,]
    • @
    • Nazwa instytucji, której n kontrolny jest w polu 001
    • NUKAT
005 -DATA I CZAS OSTATNIEJ MODYFIKACJI [,]
    • @
    • pole kontrolne
    • 20241231115100.0
020 -Międzynarod. znormalizowany nr książki - ISBN [ , ]
    • a
    • Numer ISBN
    • 837251691X Find
040 -Instytucja sporządzająca opis [ , ]
    • a
    • Instytucja, która sporządziła opis (NP)
    • KR U/RB
    • b
    • Język katalogowania
    • pol
    • e
    • Zasady katalogowania
    • rda
    • c
    • Instytucja, która sporządziła rekord (NP)
    • KR U/RB
    • d
    • Instytucja, która zmodyfikowała rekord (P)
    • KR U/MM
    • d
    • Instytucja, która zmodyfikowała rekord (P)
    • POZN U/HAs
    • d
    • Instytucja, która zmodyfikowała rekord (P)
    • KR U/BMigs
    • d
    • Instytucja, która zmodyfikowała rekord (P)
    • GL 001/FAN
942 -Rodzaj dokumentu [ , ]
    • c
    • Rodzaj dokumentu
    • Książka
245 -Strefa tytułu i oznaczenia odpowiedzialności [0,0]
    • a
    • Tytuł
    • Energia w czasach kryzysu / Find
    • c
    • Pozostałe elementy strefy tytułu i oznaczenia odpowiedzialności (NP)
    • redaktor naukowy Kazimierz Kuciński.
260 -Strefa adresu wydawniczego [ , ]
    • a
    • Miejsce wydania (P)
    • Warszawa :
    • b
    • Nazwa wydawcy (P)
    • Centrum Doradztwa i Informacji "Difin",
    • c
    • Data wydania (P)
    • 2006.
300 -Strefa opisu fizycznego [ , ]
    • a
    • Określenie formy książki i/lub objętość (NP)
    • 220 stron :
    • b
    • Oznaczenie ilustracji (NP)
    • ilustracje ;
    • c
    • Format (NP)
    • 23 cm.
336 -Typ zawartości [ , ]
    • a
    • Termin opisujący typ zawartości
    • Tekst
    • b
    • Kod określający zawartość
    • txt
    • 2
    • Źródło (terminu i kodu)
    • rdacontent
337 -Typ mediów [ , ]
    • a
    • Tryb odtwarzania
    • Bez urządzenia pośredniczącego
    • b
    • Kod typu mediów
    • n
    • 2
    • Źródło (terminu i kodu)
    • rdamedia
338 -Typ/rodzaj nośnika [ , ]
    • a
    • Hasło opisujące typ nośnika
    • Wolumin
    • b
    • Kod typu nośnika
    • nc
    • 2
    • Źródło (terminu i kodu)
    • rdacarrier
080 -Uniwersalna Klasyfikacja Dziesiętna [ , ]
    • 2
    • Identyfikator wydania tablic
    • UDC-P058
    • 9
    • UKD
    • 3240
    • a
    • Symbol klasyfikacji
    • 338.45::620.91
    • b
    • Dopowiedzenie
    • Energetyka jako dział gospodarki. Ekonomika energetyki.
080 -Uniwersalna Klasyfikacja Dziesiętna [ , ]
    • 2
    • Identyfikator wydania tablic
    • UDC-P058
    • 9
    • UKD
    • 3212
    • a
    • Symbol klasyfikacji
    • 338.124
    • b
    • Dopowiedzenie
    • Spadek koniunktury. Recesja. Kryzys.
080 -Uniwersalna Klasyfikacja Dziesiętna [ , ]
    • 2
    • Identyfikator wydania tablic
    • UDC-P058
    • 9
    • UKD
    • 3996
    • a
    • Symbol klasyfikacji
    • 502.17
    • b
    • Dopowiedzenie
    • Racjonalne wykorzystanie zasobów naturalnych. Kontrola jakości środowiska. Ochrona gatunków zagrożonych. Rekultywacja. Odzysk. Technologie czyste. Recykling. Wykorzystanie odnawialnych źródeł energii. Renaturyzacja
650 -Hasło przedmiotowe [ ,7]
    • a
    • Hasło przedmiotowe
    • Energia
    • x
    • Określnik rzeczowy
    • aspekt ekonomiczny.
    • 2
    • Źródło terminu
    • kaba
    • 9
    • KHW
    • 363246
650 -Hasło przedmiotowe [ ,7]
    • a
    • Hasło przedmiotowe
    • Zasoby energetyczne
    • x
    • Określnik rzeczowy
    • aspekt ekonomiczny.
    • 2
    • Źródło terminu
    • kaba
    • 9
    • KHW
    • 381745
650 -Hasło przedmiotowe [ ,7]
    • a
    • Hasło przedmiotowe
    • Polityka energetyczna.
    • 2
    • Źródło terminu
    • kaba
    • 9
    • KHW
    • 124648
650 -Hasło przedmiotowe [ ,7]
    • a
    • Hasło przedmiotowe
    • Energia odnawialna.
    • 2
    • Źródło terminu
    • kaba
    • 9
    • KHW
    • 107759
650 -Hasło przedmiotowe [ ,7]
    • a
    • Hasło przedmiotowe
    • Energia jądrowa.
    • 2
    • Źródło terminu
    • kaba
    • 9
    • KHW
    • 107757
980 -Symbol UKD [ , ]
    • a
    • UKD
    • 338.45::620.91:338.124:502.17
700 -Hasło dodatkowe - nazwa osobowa [1, ]
    • a
    • Nazwa osobowa (NP)
    • Kuciński, Kazimierz Find
    • d
    • Daty biograficzne (NP)
    • (1950- ).
    • e
    • Określenie rodzaju współpracy
    • Redakcja
    • 9
    • KHW
    • 9367
710 -Hasło dodatkowe - nazwa ciała zbiorowego [2, ]
    • a
    • Nazwa ciała zbiorowego lub nazwa geograficzna jako pierwszy element (NP)
    • Difin.
    • e
    • Rodzaj współpracy
    • Wydawca
    • 4
    • Kod relacji
    • pbl
    • 9
    • KHW
    • 52248
920 -ISBN [ , ]
    • a
    • ISBN
    • 83-7251-691-X Find
Lokalizacja Data inwentaryzacji Status udost. Numer inwentarzowy Sygnatura
T2013-11-20-2T.13625T.13625